00421pab a2200121 454500008003600000100001800036245007500054650002200129773001900151909001000170999001700180952010200197180718b xxu||||| |||| 00| 0 eng d aVerghese, B.G aJammu and Kashmir - time for fresh initiatives as militancy winds down aJammu and Kashmir aIndian Express a21811 c21811d21811 00104070aIIPAbIIPAd2018-07-19hIssue no: 19 May 92, p.8pAR21880r2018-07-19w2018-07-19yAR